技術開発の国際戦略 : イノベーションと経営の新展開
Đã lưu trong:
| Príomhúdar: | |
|---|---|
| Formáid: | Leabhar |
| Teanga: | Undetermined |
| Foilsithe: |
東京
東洋経済新報社
1986
|
| Ábhair: | |
| Clibeanna: |
Cuir Clib Leis
Gan Chlibeanna, Bí ar an gcéad duine leis an taifead seo a chlibeáil!
|
| Thư viện lưu trữ: | Trung tâm Học liệu Trường Đại học Cần Thơ |
|---|
| LEADER | 00592nam a2200205Ia 4500 | ||
|---|---|---|---|
| 001 | CTU_89107 | ||
| 008 | 210402s9999 xx 000 0 und d | ||
| 082 | |a 507.2 | ||
| 082 | |b S158 | ||
| 100 | |a 斎藤優(さいとう まさる) | ||
| 245 | 0 | |a 技術開発の国際戦略 : | |
| 245 | 0 | |b イノベーションと経営の新展開 | |
| 245 | 0 | |c 斎藤優, 伊丹敬之 | |
| 260 | |a 東京 | ||
| 260 | |b 東洋経済新報社 | ||
| 260 | |c 1986 | ||
| 650 | |a Research | ||
| 650 | |x Japan,Technology | ||
| 904 | |i Ngoc | ||
| 980 | |a Trung tâm Học liệu Trường Đại học Cần Thơ | ||